An empirical study on the practice of money loaning at interest in Churachandpur EBC and its Biblical response (Record no. 9084)

MARC details
000 -LEADER
fixed length control field 00490nam a22001577a 4500
003 - CONTROL NUMBER IDENTIFIER
control field GBCCL
005 - DATE AND TIME OF LATEST TRANSACTION
control field 20241126110705.0
008 - FIXED-LENGTH DATA ELEMENTS--GENERAL INFORMATION
fixed length control field 220405b ||||| |||| 00| 0 eng d
040 ## - CATALOGING SOURCE
Transcribing agency gbc
082 ## - DEWEY DECIMAL CLASSIFICATION NUMBER
Classification number ARCH GBC-2020
Item number NGA
100 ## - MAIN ENTRY--PERSONAL NAME
Personal name Ngaihte, L Thang Joel
9 (RLIN) 15845
245 ## - TITLE STATEMENT
Title An empirical study on the practice of money loaning at interest in Churachandpur EBC and its Biblical response
260 ## - PUBLICATION, DISTRIBUTION, ETC.
Place of publication, distribution, etc. New Lamka:
Name of publisher, distributor, etc. Grace Bible College,
Date of publication, distribution, etc. 2021
300 ## - PHYSICAL DESCRIPTION
Extent viii, 51p. ;
942 ## - ADDED ENTRY ELEMENTS (KOHA)
Source of classification or shelving scheme Dewey Decimal Classification
Koha item type Thesis
Holdings
Withdrawn status Lost status Source of classification or shelving scheme Damaged status Not for loan Home library Current Library Shelving location Date acquired Total checkouts Full call number Barcode Date last seen Copy number Price effective from Koha item type
    Dewey Decimal Classification     GRACE BIBLE COLLEGE GRACE BIBLE COLLEGE Archives 2022-04-05   ARCH GBC-2020 NGA 025174 2025-05-01 c.1 2022-04-05 Thesis
© Grace Bible College Library 2025